000 00800nam a2200229Ii 4500
003 JO-AjNU
008 230605s9999||||xx |||||||||||||| ||und||
017 _a2355
020 _a978-977-627-4174
040 _aJO-AjNU
_bara
_erda
_cJO-AjNU
041 _aara
050 1 4 _aHG1615.R34.J3258 2010
100 3 _aتاليف: جبر، هشام,
_eauthor
_933806
245 0 0 _aادارة المصارف
250 _aط2
264 3 1 _aالقاهرة: الشركة العربية المتحدة للتسويق والتوريدات، 2010
300 _a381ص
_bيحتوي على ببلوغرافية ومسرد مصطلحات من 380-381ص
336 _atext
_btxt
_2rdacontent
337 _aunmediated
_bn
_2rdamedia
338 _avolume
_bnc
_2rdacarrier
650 4 _aادارة البنوك
_933807
999 _aA13797
_c17365
_d17365